header

The pragmatics of word order : (Record no. 144958)

MARC details
000 -LEADER
fixed length control field 01779nam a2200397 i 4500
001 - CONTROL NUMBER
control field ebr10802166
003 - CONTROL NUMBER IDENTIFIER
control field CaPaEBR
006 - FIXED-LENGTH DATA ELEMENTS--ADDITIONAL MATERIAL CHARACTERISTICS--GENERAL INFORMATION
fixed length control field m o d
007 - PHYSICAL DESCRIPTION FIXED FIELD--GENERAL INFORMATION
fixed length control field cr cn|||||||||
008 - FIXED-LENGTH DATA ELEMENTS--GENERAL INFORMATION
fixed length control field 900412s1990 gw b ob 001 0 eng|d
020 ## - INTERNATIONAL STANDARD BOOK NUMBER
Cancelled/invalid ISBN 0899256120
Cancelled/invalid ISBN 3110122073
Cancelled/invalid ISBN 9783110122077
International Standard Book Number 9783110847284 (e-book)
040 ## - CATALOGING SOURCE
Original cataloging agency CaPaEBR
Language of cataloging eng
Description conventions rda
-- pn
Transcribing agency CaPaEBR
050 14 - LIBRARY OF CONGRESS CALL NUMBER
Classification number P295
Item number .P35 1990eb
082 04 - DEWEY DECIMAL CLASSIFICATION NUMBER
Classification number 415
Edition number 20
100 1# - MAIN ENTRY--PERSONAL NAME
Personal name Payne, Doris L.,
Dates associated with a name 1952-
245 14 - TITLE STATEMENT
Title The pragmatics of word order :
Remainder of title typological dimensions of verb initial languages /
Statement of responsibility, etc Doris L. Payne.
264 #1 - PRODUCTION, PUBLICATION, DISTRIBUTION, MANUFACTURE, AND COPYRIGHT NOTICE
Place of production, publication, distribution, manufacture Berlin ;
-- New York :
Name of producer, publisher, distributor, manufacturer Mouton de Gruyter,
Date of production, publication, distribution, manufacture, or copyright notice 1990.
300 ## - PHYSICAL DESCRIPTION
Extent 1 online resource (312 pages) :
Other physical details map.
336 ## - CONTENT TYPE
Content type term text
Source rdacontent
337 ## - MEDIA TYPE
Media type term computer
Source rdamedia
338 ## - CARRIER TYPE
Carrier type term online resource
Source rdacarrier
440 #0 - SERIES STATEMENT/ADDED ENTRY--TITLE
Title Empirical approaches to language typology ;
Volume number/sequential designation 7
504 ## - BIBLIOGRAPHY, ETC. NOTE
Bibliography, etc Includes bibliographical references (pages [281]-289) and index.
588 ## - SOURCE OF DESCRIPTION NOTE
Source of description note Description based on print version record.
590 ## - LOCAL NOTE (RLIN)
Local note Electronic reproduction. Palo Alto, Calif. : ebrary, 2013. Available via World Wide Web. Access may be limited to ebrary affiliated libraries.
650 #0 - SUBJECT ADDED ENTRY--TOPICAL TERM
Topical term or geographic name as entry element Grammar, Comparative and general
General subdivision Word order.
Topical term or geographic name as entry element Typology (Linguistics)
Topical term or geographic name as entry element Pragmatics.
655 #0 - INDEX TERM--GENRE/FORM
Genre/form data or focus term Electronic books.
776 08 - ADDITIONAL PHYSICAL FORM ENTRY
Display text Print version:
Main entry heading Payne, Doris L.
Title Pragmatics of word order : typological dimensions of verb initial languages.
Place, publisher, and date of publication Berlin : Mouton de Gruyter, 1990
Physical description xiv, 295 pages ; 24 cm.
Series data for related item Empirical approaches to language typology ; 7
International Standard Book Number 9783110122077
Record control number (DLC) 90006041
797 2# - LOCAL ADDED ENTRY--CORPORATE NAME (RLIN)
Corporate name or jurisdiction name as entry element ebrary.
856 40 - ELECTRONIC LOCATION AND ACCESS
Uniform Resource Identifier <a href="http://site.ebrary.com/lib/rucke/Doc?id=10802166">http://site.ebrary.com/lib/rucke/Doc?id=10802166</a>
Public note An electronic book accessible through the World Wide Web; click to view

No items available.

© 2026 Rongo University
Contact us: librarian | system librarian | Rongo university